| 000 -LEADER |
| fixed length control field |
00331nam a2200109Ia 4500 |
| 008 - FIXED-LENGTH DATA ELEMENTS--GENERAL INFORMATION |
| fixed length control field |
200302s9999 xx 000 0 und d |
| 100 ## - MAIN ENTRY--PERSONAL NAME |
| Personal name |
Peter Reed & William Kaizen |
| 245 ## - TITLE STATEMENT |
| Title |
The show to end all shows- Frank Lyod Wright and the Museum of Modern art 1940 |
| 260 ## - PUBLICATION, DISTRIBUTION, ETC. |
| Name of publisher, distributor, etc. |
The Museum of Modern art, NY |
| 260 ## - PUBLICATION, DISTRIBUTION, ETC. |
| Date of publication, distribution, etc. |
2004 |
| 300 ## - PHYSICAL DESCRIPTION |
| Extent |
240 |